Normal view
MARC view
Entry Personal Name
001 - CONTROL NUMBER
- control field: 1219774
003 - CONTROL NUMBER IDENTIFIER
- control field: OSt
005 - DATE AND TIME OF LATEST TRANSACTION
- control field: 20260324144547.0
008 - FIXED-LENGTH DATA ELEMENTS
- fixed length control field: 260324|| aca||aabn | a|a d
040 ## - CATALOGING SOURCE
- Original cataloging agency: OSt
- Transcribing agency: OSt
100 ## - HEADING--PERSONAL NAME
- Personal name: Mary H. Wilgus
670 ## - SOURCE DATA FOUND
- Source citation: Work cat.: (OSt)1826534: Mary H. Wilgus, Sir Claude MacDonald, the Open Door, and British Informal Empire in China, 1895-1900
